guess kpop stars by hint part 1? - Statistics

General Stats
  • This quiz has been taken 115 times
  • The average score is 7 of 15
Answer Stats
Hint Answer % Correct
aussie wolf? leader! bang chan
90%
Thai, speaks like 5 languages lisa
88%
voice lower than my grades, aussie FELIX
87%
made a song about body positivity! Hwa Sa
63%
"your dog speaks chinese?!" eric nam
50%
hates microwaves jungkook
48%
4th gen ace, "excuse me noona do you have a boyfriend?" Han Jisung
45%
collabed with becky g, dancer jhope
44%
australian, "am i supposed to twerk?" Rose
44%
*chokes on rice* jin
36%
canadian, a vampire from the south south west keeho!
31%
wae kura chi molaa JYPAPI
27%
leader, "why sad? give up!" Eunkwang
18%
4th gen, maknae, angel notes jongho
15%
"yeah yeah" before his verse mingi
5%
No matching quizzes found
Score Distribution
Percent of People with Each Score
Percentile by Number Answered
Your Score History
You have not taken this quiz